Quiz Gossip Girl - Statistiques

Statistiques générales
  • Ce quiz a été pris 1 224 fois
  • Le résultat moyen est 6 sur 15
Statistiques - réponses
Hint Réponse % Correct
Dans qu'elle saison voit-on le Prince Louis pour la première fois ? 4
91%
Quel expression de cache derrière les "3 petits mots, 7 lettres" ? je t'aime
82%
Par où entre Vanessa la première fois qu'elle entre dans le loft ? la fenêtre
82%
Comment s'appelle l'oncle de Chuck ? Jack Bass
56%
Comment s'appelle le (faux) fils de Dan ? Milo
43%
Dans quelle ville Eva découvre-t-elle Chuck pour la première fois ? Prague
43%
Quel est le vrai nom de la jeune fille se faisant passer pour la cousine de S ? Ivy Dickens
41%
Quel est le plat emblématique que prépare Rufus ? Chili
36%
Combien de fois Chuck vote-t-il pour Blair à l'élection de la Reine de la soirée ? à peu près 150
30%
Comment s'appelle le portier de l'immeuble où vie Lily ? Vanya
24%
Qui détruit la carrière de Jenny en mettant toutes ses créations au feu ? Agnes
18%
Et son dessert ? des gaufres
7%
Avec qui Eric sort-il en même temps que Jenny ? Asher Hornsby
1%
Pour qu'elle raison Jenny est-elle banni de New-York ? avoir couché avec Chuck
1%
Pour quelle raison B et Chuck doivent-ils se marier urgemment ? innocenter Chuck
1%
Aucun quiz correspondant
Distribution des résultats
% des personnes avec chaque résultat
Percentile par nombre de réponses
Votre historique - résultats
Vous n’avez pas pris ce quiz